| 000 | 00390nam a2200157 a 4500 | ||
|---|---|---|---|
| 082 | 0 | 0 |
_a297.4 _bHAL |
| 100 | _aHalli, Hasan Bin Yusuf | ||
| 245 | _aKashful Yaqeen | ||
| 260 |
_aIran _bIbraheem Tabreti Press _c1299 |
||
| 300 | _a282 and 101p. | ||
| 500 | _aincludes index and biblioraphy | ||
| 505 | 2 | _areference | |
| 650 | _aSufism-Iran | ||
| 700 | 1 | _aHalli, Hasan Bin Yusuf | |
| 942 | _cBK | ||
| 999 |
_c2535 _d2535 |
||